Diócesis de Rancagua (1541-1800) : (Record no. 197677)
[ view plain ]
| 000 -LEADER | |
|---|---|
| campo de control de longitud fija | 01205nam a2200301 i 4500 |
| 001 - NÚMERO DE CONTROL | |
| campo de control | 197677 |
| 003 - IDENTIFICADOR DE NÚMERO DE CONTROL | |
| campo de control | ES-MaACL |
| 005 - FECHA Y HORA DE LA ÚLTIMA TRANSACCIÓN | |
| campo de control | 20250708165617.0 |
| 007 - CAMPO FIJO DE DESCRIPCIÓN FÍSICA--INFORMACIÓN GENERAL | |
| campo de control de longitud fija | ta |
| 008 - DATOS DE LONGITUD FIJA--INFORMACIÓN GENERAL | |
| campo de control de longitud fija | 250626b sp ||||| |||| 00| 0 spa d |
| 040 ## - FUENTE DE CATALOGACIÓN | |
| Lengua de catalogación | spa |
| Centro/agencia transcriptor | ES-MaACL |
| 100 ## - ENTRADA PRINCIPAL--NOMBRE DE PERSONA | |
| Nombre de persona | Díaz González, Patricio |
| Término indicativo de función/relación | Autor |
| 9 (RLIN) | 241087 |
| 245 ## - MENCIÓN DEL TÍTULO | |
| Título | Diócesis de Rancagua (1541-1800) : |
| Resto del título | desarrollo histórico de sus parroquias / |
| Mención de responsabilidad, etc. | Patricio Díaz González |
| 250 ## - MENCION DE EDICION | |
| Mención de edición | Primera edición: julio de 2016 |
| 260 ## - PUBLICACIÓN, DISTRIBUCIÓN, ETC. | |
| Lugar de publicación, distribución, etc. | Santiago de Chile : |
| Nombre del editor, distribuidor, etc. | RIL editores, |
| Fecha de publicación, distribución, etc. | 2016 |
| 264 ## - PRODUCCIÓN, PUBLICACIÓN, DISTRIBUCIÓN, FABRICACIÓN Y COPYRIGHT | |
| Producción, publicación, distribución, fabricación y copyright | ©2016 |
| 300 ## - DESCRIPCIÓN FÍSICA | |
| Extensión | 76 páginas : |
| Otras características físicas | ilustrado en blanco y negro ; |
| Dimensiones | 23 cm |
| 336 ## - TIPO DE CONTENIDO | |
| Fuente | rdacontent |
| Término de tipo de contenido | Texto |
| 337 ## - TIPO DE MEDIO | |
| Fuente | rdamedia |
| Nombre/término del tipo de medio | sin mediación |
| 338 ## - TIPO DE SOPORTE | |
| Fuente | rdacarrier |
| Nombre/término del tipo de soporte | volumen |
| 650 #7 - PUNTO DE ACCESO ADICIONAL DE MATERIA--TÉRMINO DE MATERIA | |
| 9 (RLIN) | 168350 |
| Término de materia o nombre geográfico como elemento de entrada | Diócesis |
| 852 ## - LOCALIZACIÓN | |
| Ubicación | ES-MaACL |
| Ubicación en estantería | Depósito 1 |
| Número de control de estantería | A-15748 |
| Donativo/Legado | Donación: Centro de Información Documental de Archivos |
| Encuadernación | Encuadernación rústica con solapas |
| itemnumber | 206106 |
| 914 ## - NOMBRE ENTIDAD DE DONANTE | |
| Nombre de congreso/reunión o jurisdicción como elemento de entrada | Centro de Información Documental de Archivos |
| Unidad subordinada | Donante |
| 942 ## - ELEMENTOS DE ENTRADA SECUNDARIOS (KOHA) | |
| Tipo de ítem Koha | Libro impreso |
| Suprimir en OPAC | No |
| Estatus retirado | Estado de pérdida | Fuente del sistema de clasificación o colocación | Estado de daño | No para préstamo | Biblioteca de origen | Biblioteca actual | Ubicación en estantería | Fecha de adquisición | Fuente de adquisición | Total de préstamos | Signatura topográfica completa | Visto por última vez | Precio de reemplazo | Tipo de ítem Koha |
|---|---|---|---|---|---|---|---|---|---|---|---|---|---|---|
| Clasificación decimal universal | Biblioteca del Ateneo de Madrid | Biblioteca del Ateneo de Madrid | Depósito 1 | 26/06/2025 | Donación | A-15748 | 26/06/2025 | 26/06/2025 | Libro impreso |
